| 000 | 00000nam##2200000za#4500 |
| 001 | 9.639939 |
| 003 | CaOODSP |
| 005 | 20210624222426 |
| 007 | cr ||||||||||| |
| 008 | 150407|2000||||xxc|||||o f|0| 0 fre|d |
| 040 | |aCaOODSP|bfre |
| 043 | |an-cn--- |
| 086 | 1 |aEn105-61/2000F-PDF |
| 110 | 1 |aCanada. |bAgence canadienne d'évaluation environnementale. |
| 245 | 10|aRapport de la Commission d'examen conjoint EUB-ACÉE - projet de la mine de charbon Cheviot Secteur Mountain Park, Alberta : |h[ressource électronique]|bRequêtes No. 960313 et 960314 de l'EUB, Cardinal River Coals Ltd., Août 2000 |
| 246 | 17|aEUB Décision 2000-59 (12 septembre 2000) |
| 260 | |aHull - Québec : |bAgence canadienne d'évaluation environnementale |cSeptembre 2000. |
| 300 | |a472p.|bcartes en couleur, tableaux |
| 500 | |aInclut les annexes en anglais et français. Le n° de catalogue (En105-61/2000E) et l'ISBN (0-662-29210-3) copiés dans cette édition PDF sont incorrects. |
| 520 | 3 |aRequête N° 960313 et 960314 de l'EUB, Cardinal River Coals Ltd |
| 590 | |a12-16-Supp|b2012-04-17 |
| 691 | 07|aCharbon|2gcpds |
| 691 | 07|aDéveloppement économique|2gcpds |
| 691 | 07|aImpact sur l'environnement|2gcpds |
| 691 | 07|aIndustrie minière|2gcpds |
| 775 | 08|tReport of the EUB-CEAA Joint Review Panel, Cheviot Coal Project, Mountain Park area, Alberta : |w(CaOODSP)9.695837 |
| 776 | 0#|tRapport de la Commission d'examen conjoint EUB-ACÉE: Projet de la mine de charbon Cheviot, secteur Mountain Park, Alberta |w(CaOODSP)9.681199 |
| 856 | 40|ahttp://publications.gc.ca|qPDF|s11.67 Mo|uhttps://publications.gc.ca/collections/Collection/En105-61-2000F.pdf |